Statistics for Most Guessed Countries With More Than 50 Million People

Click here to take the quiz!

General Stats

  • This quiz has been taken 118 times
  • The average score is 9 of 10

Answer Stats

% GuessedCountry% Correct
100%China
100%
97%Brazil
99%
98%Russia
99%
99%India
98%
99%United States
93%
96%France
91%
97%Germany
89%
95%Mexico
89%
94%Japan
87%
97%United Kingdom
82%

Score Distribution

Percentile by Number Answered

Percent of People with Each Score

Your Score History

You have not taken this quiz